000 01735nam a2200361 4500
001 265
003 OSt
005 20250528074016.0
008 250225b |||||||j |||| 00| 1 eng d
020 _a8526206974
040 _bpor
041 _heng
_apor
082 _a028.5
_bM531m
100 1 _aMelville, Herman,
_d1819-1891
_9492
240 _aMoby Dick
245 _aMoby Dick:
_bA baleia branca /
_cMelville, Herman ; Tradução e Adaptação por Werner Zotz
250 _a7° edição
260 _aSão Paulo
_bScipione
_c1997
300 _a118 p.
_bil.
490 1 _aReencontro
520 _aNa cidade de New Bedford, em Massachusetts, o marinheiro Ismael conhece o arpoador Queequeg e, juntos, partem para a ilha de Nantucket em busca de trabalho no mercado de caça às baleias. Lá, eles embarcaram no baleeiro Pequod para uma viagem de três anos aos mares do sul. Entre eles, tripulantes de diversas nacionalidades: os imediatos Starbuck, Stubb e Flask; os arpoadores Tashtego e Daggoo, além de Ahab, o sombrio capitão que ostenta uma enorme cicatriz do rosto ao pescoço e uma perna artificial, feita do osso de cachalote. Obcecado por encontrar a fera responsável por seus ferimentos e que nenhum arpoador jamais conseguiu abater - a temível "Moby Dick" -, o capitão Ahab conduz o baleeiro e toda a sua tripulação por uma rota de perigos e incertezas.
650 0 _aLiteratura Americana
_984
650 0 _aInfantojuvenil
_9200
650 0 _aAventura
_947
650 0 _aViagens
_9189
650 0 _aClássicos
_977
650 0 _aFilme
_926
655 0 _aRomance
_923
655 0 _aFicção
_922
700 _aWerner Zotz
_eTradução
_eAdaptação
_9493
830 _aReencontro
_9246
942 _2ddc
_n0
_cBK
999 _c265
_d265